000 00570nam a22002057a 4500
001 000009400
005 20200929161600.0
008 811110|1982 ||| 000 0 spa
010 _a81202556
040 _aDO-SdBNP
_cDLC
_dBNPHU
082 _aCh863.42
_bP949s
100 1 _aPrieto, Jenaro,
_d1889-1946.
_924186
245 1 3 _aEl socio /
_cJenaro Prieto.
260 _aSantiago :
_bAndres Bello,
_c1982.
300 _a164 p. ; 19 cm.
650 4 _aNovela chilena
_93163
650 4 _aLiteratura chilena
_93164
910 _aCatalogación por copia / LC
049 _aBNGR
999 _c9160
_d9160